Predictive Modeling and Analysis of Smart Building Energy Management: A Multi-model Approach / (Record no. 607421)

000 -LEADER
fixed length control field 00486nam a22001577a 4500
082 ## - DEWEY DECIMAL CLASSIFICATION NUMBER
Classification number 621.3
Author Mark AMI
100 ## - MAIN ENTRY--PERSONAL NAME
Personal name Amina, Komal Hussain (360780)
245 ## - TITLE STATEMENT
Title Predictive Modeling and Analysis of Smart Building Energy Management: A Multi-model Approach /
264 ## - PRODUCTION, PUBLICATION, DISTRIBUTION, MANUFACTURE, AND COPYRIGHT NOTICE
Place of production, publication, distribution, manufacture Islamabad :
Name of producer, publisher, distributor, manufacturer USPCAS-E, NUST
Date of production, publication, distribution, manufacture, or copyright notice Nov, 2023.
300 ## - PHYSICAL DESCRIPTION
Extent xiv, 61 p.
Accompanying material +CD
520 ## - SUMMARY, ETC.
Summary, etc. TH-553
650 ## - SUBJECT ADDED ENTRY--TOPICAL TERM
Topical term or geographic name entry element MS Thesis
650 ## - SUBJECT ADDED ENTRY--TOPICAL TERM
Topical term or geographic name entry element MS EEP Thesis
700 ## - ADDED ENTRY--PERSONAL NAME
Personal name Dr. Muhammad Yousif
942 ## - ADDED ENTRY ELEMENTS (KOHA)
Source of classification or shelving scheme
Koha item type Thesis
Holdings
Withdrawn status Permanent Location Current Location Date acquired Full call number Barcode Koha item type
  US-Pakistan Center for Advanced Studies in Energy (USPCAS-E) US-Pakistan Center for Advanced Studies in Energy (USPCAS-E) 01/17/2024 621.3 AMI CAS-ETH0000553 Thesis
© 2023 Central Library, National University of Sciences and Technology. All Rights Reserved.